Personnages historiques en images commençant par un O-P. - Statistiques

Statistiques générales
  • Ce quiz a été pris 854 fois
  • Le résultat moyen est 8 sur 14
Statistiques - réponses
Par images Hint Réponse % Correct
Président américain-O Barack Obama
98%
Maréchal de France-P Philippe Pétain
97%
Artiste espagnol-P Pablo Picasso
93%
Mathématicien grec-P Pythagore
90%
Philosophe grec-P Platon
87%
Stratège athénien-P Périclès
56%
Auteur anglais-O Georges Orwell
55%
Auteur latin-O Ovide
51%
Auteur français-P Marcel Proust
49%
Philosophe et scientifique français-P Blaise Pascal
48%
Président français-P Raymond Poincaré
41%
Explorateur auteur du Livre de Merveilles-P Marco Polo
39%
Consul romain-P Pompée
23%
Personnage important de religion chrétienne-P Paul de Tarse
19%
Aucun quiz correspondant
Distribution des résultats
% des personnes avec chaque résultat
Percentile par nombre de réponses
Votre historique - résultats
Vous n’avez pas pris ce quiz